| 000 | 00715nam a2200193 a 4500 | ||
|---|---|---|---|
| 001 | 4869 | ||
| 003 | CDMR | ||
| 005 | 20131212113149.0 | ||
| 008 | 130130s1985||||||||||||||||||||||||||||d | ||
| 040 |
_aCDMR _bcat _cCDMR |
||
| 245 | 3 |
_aIl ruolo della informazione e della comunicazione a favore della comprensione internazionale _bSeminario regionale europeo : Riva del Garda, Plazzo dei Congresi 3-4-5 maggio 1984 |
|
| 246 | _aThe role of information and communications in favour of international understanding | ||
| 260 |
_aRoma _c1985 |
||
| 300 | _a491 p. | ||
| 650 | 0 | 4 |
_94399 _aComunicació _xCongressos |
| 650 | 0 | 4 |
_92190 _aComunicació internacional |
| 650 | 0 | 4 |
_92777 _aComunicació intercultural |
| 942 |
_cMON _2udc |
||
| 999 |
_c4869 _d4869 |
||